Buteurs du réal Madrid depuis 2010-2011 - Statistiques

Statistiques générales
  • Ce quiz a été pris 49 fois
  • Le résultat moyen est 36 sur 79
Statistiques - réponses
Hint Réponse % Correct
344 Benzema
100%
417 Ronaldo
100%
111 Vinicius
98%
71 Rodrygo
93%
43 Modric
91%
73 Sergio Ramos
91%
106 Bale
89%
27 Kroos
89%
72 Mbappe
89%
13 Carvajal
84%
31 Casemiro
82%
30 Marcelo
78%
6 Camavinga
76%
5 Tchouameni
76%
17 Varane
76%
43 Bellingham
71%
7 Rudiger
69%
14 Pepe
67%
33 Valverde
67%
36 Di maria
64%
12 Mariano diaz
64%
27 Ozil
64%
21 Brahim diaz
62%
7 Hazard
62%
58 Higuain
62%
6 Mendy
62%
3 Fran garcia
56%
52 Isco
56%
9 Gonzalo garcia
53%
7 Endrick
51%
37 James rodriguez
51%
3 Xabi alonso
51%
61 Asensio
49%
20 Joselu
49%
12 Militao
49%
16 Nacho
49%
1 Carreras
47%
3 Jovic
47%
31 Morata
47%
15 Guler
44%
1 Asencio
42%
38 Vazquez
42%
5 Alaba
40%
7 Ceballos
40%
1 Jose rodriguez
40%
1 Mastantuono
40%
2 Hakimi
36%
1 Huijsen
36%
18 Jese
36%
20 Kaka
36%
9 Khedira
36%
4 Arbeloa
33%
3 Kovacic
33%
1 Coentrao
31%
8 Adebayor
27%
1 Vallejo
24%
9 Chicharito
22%
3 Odriozola
22%
1 Paz
22%
1 Albiol
20%
3 Carvalho
20%
3 Danilo
20%
2 Essien
20%
2 Llorente
20%
7 Mayoral
20%
20 Callejon
16%
3 Illaramendi
16%
1 Arribas
9%
1 Cheryshev
9%
1 Fernandez
9%
1 Ramon
9%
1 Sahin
9%
2 Granero
7%
1 Sanchez
7%
1 Altintop
4%
2 Leon
4%
1 Alvaro daniel
0%
1 Cristo
0%
1 Medran
0%
Aucun quiz correspondant
Distribution des résultats
% des personnes avec chaque résultat
Percentile par nombre de réponses
Votre historique - résultats
Vous n’avez pas pris ce quiz